I skate! /

Text and photographs follow the activities of an 11-year-old aspiring skater from her daily training sessions to her participation in competitions and an ice show.

Bibliographic Details
Main Author: Faulkner, Margaret
Format: Book
Language:English
Published: Boston : Little, Brown, [1979]
Edition:1st ed.
Subjects:

MARC

Tag First Indicator Second Indicator Subfields
LEADER 00000pam a2200000 i 4500
001 in00000035684
005 20151007062107.0
008 790531s1979 maua j 00010beng
010 |a  79015932  
020 |a 0316260029 
035 |a (OCoLC)05101240 
035 |9 AAD3936AM 
040 |a DLC  |c DLC  |d TXA  |d UtOrBLW 
049 |a [Curr Col] TXAM  |c [981630] 
050 0 0 |a GV850.B44  |b F38 
082 0 |a 796.9/1/0924  |a B 
100 1 |a Faulkner, Margaret. 
245 1 0 |a I skate! /  |c By Margaret Faulkner. 
250 |a 1st ed. 
264 1 |a Boston :  |b Little, Brown,  |c [1979] 
264 4 |c ©1979 
300 |a 154 pages :  |b illustrations ;  |c 26 cm. 
336 |a text  |b txt  |2 rdacontent 
337 |a unmediated  |b n  |2 rdamedia 
338 |a volume  |b nc  |2 rdacarrier 
520 |a Text and photographs follow the activities of an 11-year-old aspiring skater from her daily training sessions to her participation in competitions and an ice show. 
600 1 0 |a Berig, Karen  |x Juvenile literature. 
600 1 1 |a Berig, Karen. 
650 0 |a Skaters  |z United States  |x Biography  |x Juvenile literature. 
650 1 |a Ice skaters. 
999 |a MARS 
999 f f |s be0ab08f-c2fd-39d6-85b7-4c38ef7f0e18  |i 9947c1a3-ff73-3cab-8a6a-93e15ceccbec  |t 0 
952 f f |p ric  |a Texas A&M University  |b Rellis Campus  |c Joint Library Facility  |d Remote Storage  |t 0  |e GV850.B44 F38  |h Library of Congress classification  |i unmediated -- volume  |m A14800215408 
998 f f |a GV850.B44 F38  |t 0  |l Remote Storage